WWII generals by picture - Statistics

General Stats
  • This quiz has been taken 89 times
  • The average score is 7 of 12
Answer Stats
Picture Answer % Correct
Dwight Eisenhower
95%
Bernard Montgomery
94%
Erwin Rommel
92%
George Patton
85%
Douglas MacArthur
69%
Isoroku Yamamoto
60%
Georgy Zhukov
56%
Hermann Goring
55%
Chester Nimitz
40%
Tomoyuki Yamashita
23%
Arthur Harris
21%
William Slim
18%
No matching quizzes found
Score Distribution
Percent of People with Each Score
Percentile by Number Answered
Your Score History
You have not taken this quiz